• 首页
  • 本馆介绍
  • 公告通知
  • 最新文献
  • 馆藏检索
  • 电子资源
  • 读者导购
  • 参考咨询
  • 我的图书馆
  • 登录
  • 详细信息显示
  • 放入我的书架
  • 预约/预借图书
  • 作者相关作品
  • 分类相关作品
  • 丛书相关作品
  • 出版社相关作品

书目信息

  • 表格格式
  • 工作单格式
  • 卡片格式
题名:
食品雕刻精解
    
 
作者: 胡永奎 主编
分册:  
出版信息: 北京   化学工业出版社  2010
页数: 76页
开本: 24cm
丛书名: 唐人美食丛书
单 册:
中图分类: TS972.114
科图分类:
主题词: 菜谱--装饰雕塑 , 菜谱 , 装饰雕塑
电子资源:
ISBN: 978-7-122-06867-5
000 00891oam2 2200289 45
001 1033121593
005 20100407100112.40
010    @a978-7-122-06867-5@dCNY28.00
100    @a20100402d2010 em y0chiy50 ea
101 0  @achi
102    @aCN@b110000
105    @aa z 000yy
106    @ar
200 1  @a食品雕刻精解@AShi Pin Diao Ke Jing Jie@f胡永奎主编@FHu Yong Kui Zhu Bian
210    @a北京@c化学工业出版社@d2010
215    @a76页@c彩图@d24cm
225 2  @a唐人美食丛书
304    @a北京唐人美食职业技能培训学校组织编写
330    @a本书主要介绍50例果蔬雕刻附件、成品的制作图解,所选品种既有经典传统品种又有时下流行品种。
461  0 @12001 @a唐人美食丛书
606 0  @a菜谱@x装饰雕塑
606 0  @a菜谱
606 0  @a装饰雕塑
690    @aTS972.114@v4
701  0 @a胡永奎@AHu Yong Kui@4主编
801  0 @aCN@bTANGWEI@c20100407
905    @b0588634-36@dTS972.114@e281@f3
    
    食品雕刻精解/胡永奎主编.-北京:化学工业出版社,2010
    76页:彩图;24cm.-(唐人美食丛书)
    
    
    ISBN 978-7-122-06867-5:CNY28.00
    本书主要介绍50例果蔬雕刻附件、成品的制作图解,所选品种既有经典传统品种又有时下流行品种。
●
相关链接 在E读中查询图书 在五车中查询图书 在当当中查询图书 在豆瓣中查询图书


正题名:食品雕刻精解     索取号:TS972.114/281         预约/预借

序号 登录号 条形码 馆藏地/架位号 状态 备注
1 0588634   205886344   第二样本阅览室/ [索取号:TS972.114/281] 在馆    
2 0588635   205886353   第三借阅区/ [索取号:TS972.114/281] 在馆    
3 0588636   205886362   第三借阅区/ [索取号:TS972.114/281] 在馆    
唐山师范学院图书馆 欢迎您!
大连网信软件有限公司© 版权所有